000
00297nam a2200121Ia 4500
008
231129s1979||||xx |||||||||||||| ||spa||
082
_a
HAJ- 0246
100
_a
Holguín Andrés
245
0
_a
El problema del mal
260
_c
1979
264
_a
Colombia: Tercer Mundo 1979
942
_2
ddc
_c
BKS
999
_c
12201
_d
12201